000 00889nam0a22002651 4500
001 rc\3913468
005 20250611021102.0
021 _aRU
_b[53-24392]
035 _a(NLR Aleph) 008020854
090 _a8759827
_c8759827
100 _a20130415d1953 |||y0rusy50 ca
101 0 _arus
102 _aRU
105 _aa z |||||
200 1 _aМеханизация работ на токах
_e(Опыт МТС и колхозов Сталинской обл.)
210 _a[Сталино]
_cСталинское обл. изд-во
_d1953
215 _a60 с.
_cил.
_d20
300 _aПеред загл. авт.: инж. Р. Беляева
606 _aЗерновые пункты, механизированные
_2psbo
700 1 _aБеляева
_bР.
801 0 _aRU
_bNLR
_gpsbo
801 1 _aRU
_bELAR
_2rusmarc
852 _aNLR
_jС20 Г-4/2268
942 _cBOOK
980 _aNB